Design for six sigma for service (Record no. 182057)

MARC details
000 -LEADER
fixed length control field 00392nam a2200157Ia 4500
005 - DATE AND TIME OF LATEST TRANSACTION
control field 20250428162713.0
008 - FIXED-LENGTH DATA ELEMENTS--GENERAL INFORMATION
fixed length control field 231217s9999 xx 000 0 und d
020 ## - INTERNATIONAL STANDARD BOOK NUMBER
International Standard Book Number 9780071445559
082 ## - DEWEY DECIMAL CLASSIFICATION NUMBER
Classification number 658 YAN;1 R
100 ## - MAIN ENTRY--PERSONAL NAME
Personal name Yang, Kai.
245 #0 - TITLE STATEMENT
Title Design for six sigma for service
260 ## - PUBLICATION, DISTRIBUTION, ETC. (IMPRINT)
Date of publication, distribution, etc. 2006
Name of publisher, distributor, etc. Macgraw-hill
Place of publication, distribution, etc. New York
300 ## - PHYSICAL DESCRIPTION
Extent xxiii, 854
650 ## - SUBJECT ADDED ENTRY--TOPICAL TERM
Topical term or geographic name as entry element six,sigma
942 ## - ADDED ENTRY ELEMENTS (KOHA)
Koha item type Books
Holdings
Date last seen Total Checkouts Full call number Accession number Old discount Price effective from Category Lost status Damaged status Department Withdrawn status bill date Permanent Location Current Location Shelving location Entry date Vendor Grants Currency symbol Conversion rate Discount Discount type
26/01/2024   658 YAN;1 R 52172   26/01/2024 Books     Central Library   08/02/2012 Central Library Central Library Central Library 13/01/2009 Publisher DONATED RS 1   Rupees

© For any Suggestions or Query, please contact the library staff @ librarian@pes.edu or Phone: +9180 2672 1983/ 2108.